Wymień Polskie Miasta na bazie województw - Statystyki

Ogólne statystyki
  • Ten quiz został rozwiązany 516 razy
  • Średni wynik to 8 z 15
Statystyki odpowiedzi
Hint Odpowiedź % Poprawnych
Województwo Pomorskie Gdańsk
94%
Województwo Mazowieckie Warszawa
85%
Województwo Zachodnio-Pomorskie Szczecin
76%
Województwo Lubuskie Zielona Góra
76%
Województwo Łódzkie Łódź
74%
Województwo Lubelskie Lublin
74%
Województwo Dolno-Śląskie Wrocław
68%
Województwo Podlaskie Białystok
67%
Województwo Kujawsko-Pomorskie Bydgoszcz
66%
Województwo Kujawsko-Pomorskie Toruń
61%
Województwo Śląskie Kraków
42%
Województwo Kujawsko-Pomorskie Włocławek
21%
Województwo Mazowieckie Pruszków
10%
Województow Zachodnio-Pomorskie Stargard
10%
Województwo Pomorskie Starogard Gdański
4%
Nie znaleziono quizów pasujących do podanych kryteriów
Rozkład punktacji
Procent ludzi z każdym wynikiem
Percentyl według liczby udzielonych odpowiedzi
Twoja historia wyników
Nie rozwiązałeś tego quizu